Obras completas de José de la Riva Aguero

保存先:
書誌詳細
第一著者: Riva Aguero, José de la (autor)
フォーマット: 図書
言語:スペイン語
出版事項: Lima Instituto Riva-Agüero 1997
主題:
タグ: タグ追加
タグなし, このレコードへの初めてのタグを付けませんか!

MARC

LEADER 00000nam a2200000 a 4500
001 UCP2900
003 CL-VaPUC
008 990604e19970000PE |||||||||||||||||spa|d
082 0 4 |a 985  |b RIV  |2 21 
100 |a Riva Aguero, José de la  |e autor  |9 429884 
245 1 0 |a Obras completas de José de la Riva Aguero 
300 |a v 
942 |c BK 
945 |d 19990604 00:00:00  |a rbrito 
260 |a Lima  |b Instituto Riva-Agüero  |c 1997 
500 |a v.14: Epistolario Caballero-Cusicanqui(vol. 1-2);v.15: epistolario Dalloz-Ezquerra 
650 0 |a Historia  |9 255047 
650 7 |a CORRESPONDENCIAS  |2 CL-VaPUC  |9 256500 
650 0 |a Vida política  |9 337438 
650 0 |a Política  |9 255312 
651 0 |a Perú  |9 256567 
583 |a last modification  |c 19990604 00:00:00  |k Rodrigo Vera 
999 |c 281365  |d 281363 
952 |0 0  |1 0  |4 0  |6 985_000000000000000_RIV_1997  |7 0  |8 P  |9 322078  |a BIBDER  |b BIBDER  |d 2019-11-20  |h v14p.1  |i 3506754  |o 985 RIV 1997  |p 3506754  |r 2023-01-25  |w 2019-11-20  |y BK  |k DER 
952 |0 0  |1 0  |4 0  |6 985_000000000000000_RIV_1997  |7 0  |8 P  |9 322079  |a BIBDER  |b BIBDER  |d 2019-11-20  |h v14.p.2  |i 3506762  |o 985 RIV 1997  |p 3506762  |r 2023-01-25  |w 2019-11-20  |y BK  |k DER 
952 |0 0  |1 0  |4 0  |6 985_000000000000000_RIV_1997  |7 0  |8 P  |9 322080  |a BIBDER  |b BIBDER  |d 2019-11-20  |h v.15  |i 3505693  |o 985 RIV 1997  |p 3505693  |r 2023-01-25  |w 2019-11-20  |y BK  |k DER